[Event "MCRE_O16"]
[Site "?"]
[Date "2004.??.??"]
[Round "?"]
[White "Spicka, Zdenek"]
[Black "Dojcinovic, Miroslav"]
[Result "1-0"]
[WhiteElo "1800"]
[BlackElo "1800"]
[PlyCount "81"]
[EventDate "2004.??.??"]
[EventType "corr"]
[EventRounds "2"]
[SourceDate "2005.03.12"]

1. Nf3 Nf6 2. c4 b6 3. Nc3 Nc6 4. d4 e6 5. e4 Bb4 6. e5 Ne4 7. Qc2 d5 8. Bd3
Nxc3 9. bxc3 Be7 10. cxd5 exd5 11. O-O Bg4 12. Nd2 g6 13. Qa4 Bd7 14. Qb3 Be6
15. Bb5 O-O 16. Bxc6 Rb8 17. Qa4 a5 18. Qb5 f6 19. Nf3 Rf7 20. Re1 Bf8 21. Bf4
Bg7 22. exf6 Qxf6 23. Bxc7 Rxc7 24. Rxe6 Qf4 25. Qxd5 Kh8 26. Rae1 Rf7 27. g3
Qf5 28. Re8+ Rxe8 29. Rxe8+ Rf8 30. Qxf5 gxf5 31. Re7 Rb8 32. c4 h6 33. Nh4 Rd8
34. Bd7 Kg8 35. Nxf5 Bf6 36. Nxh6+ Kh8 37. Nf7+ Kg8 38. Nxd8 Bxe7 39. Nc6 Ba3
40. f4 Bc1 41. Kg2 1-0

[Event "MCRE_O16"]
[Site "?"]
[Date "2004.??.??"]
[Round "?"]
[White "Spicka, Zdenek"]
[Black "Fabrik, Miroslav"]
[Result "1-0"]
[WhiteElo "1800"]
[BlackElo "1800"]
[PlyCount "45"]
[EventDate "2004.??.??"]
[EventType "corr"]
[EventRounds "2"]
[SourceDate "2005.03.12"]

1. d4 g6 2. e4 Bg7 3. Nc3 d6 4. Nf3 Nf6 5. Bb5+ c6 6. Bd3 Bg4 7. h3 Bxf3 8.
Qxf3 Nbd7 9. Be3 O-O 10. O-O Qc7 11. Rfd1 b5 12. a3 a5 13. Ne2 Nb6 14. b3 b4
15. c3 c5 16. axb4 axb4 17. Rxa8 Nxa8 18. dxc5 dxc5 19. cxb4 cxb4 20. Nd4 Qc3
21. Bc4 e6 22. e5 Nd7 23. Qe2 1-0

[Event "MCRE_O16"]
[Site "?"]
[Date "2004.??.??"]
[Round "?"]
[White "Spicka, Zdenek"]
[Black "Jezek, Otakar"]
[Result "1-0"]
[WhiteElo "1800"]
[BlackElo "1800"]
[PlyCount "91"]
[EventDate "2004.??.??"]
[EventType "corr"]
[EventRounds "2"]
[SourceDate "2005.03.12"]

1. d4 d5 2. Nf3 Bf5 3. c4 dxc4 4. Nc3 Nf6 5. e3 a6 6. Bxc4 Nbd7 7. Qb3 Nb6 8.
Bxf7+ Kd7 9. Ne5+ Kc8 10. Be6+ Bxe6 11. Qxe6+ Kb8 12. Nf7 Qd7 13. Qxd7 Nbxd7
14. Nxh8 e5 15. Nf7 exd4 16. exd4 Ka7 17. Be3 Re8 18. O-O-O Re7 19. d5+ Kb8 20.
Ng5 Re5 21. Bf4 Rf5 22. Ne6 Bd6 23. Bxd6 cxd6 24. f4 Nb6 25. g3 Ng4 26. Rhe1 g6
27. h3 Nh6 28. g4 Rf7 29. Ne4 Rd7 30. Rd4 Nc8 31. Rf1 Rf7 32. N4g5 Re7 33. f5
gxf5 34. gxf5 Nf7 35. f6 Rd7 36. Nxf7 Rxf7 37. Rg4 Ka7 38. Rg7 Rxg7 39. fxg7
Ne7 40. Rf8 h6 41. Nd4 Kb6 42. Nf5 Nxd5 43. g8=Q Nc7 44. Nxd6 Kc5 45. Rf6 Kb6
46. Qc8 1-0

[Event "MCRE_O16"]
[Site "?"]
[Date "2004.??.??"]
[Round "?"]
[White "Spicka, Zdenek"]
[Black "Kelbl, Jiri"]
[Result "1/2-1/2"]
[WhiteElo "1800"]
[BlackElo "1800"]
[PlyCount "74"]
[EventDate "2004.??.??"]
[EventType "corr"]
[EventRounds "2"]
[SourceDate "2005.03.12"]

1. d4 Nf6 2. c4 g6 3. Nc3 d5 4. cxd5 Nxd5 5. e4 Nxc3 6. bxc3 Bg7 7. Nf3 c5 8.
Bb5+ Nc6 9. O-O cxd4 10. cxd4 O-O 11. Be3 Bg4 12. Bxc6 bxc6 13. Rc1 Qa5 14. h3
Bxf3 15. Qxf3 Qxa2 16. Rxc6 a5 17. d5 a4 18. Bc5 Rfe8 19. Rc7 Bf6 20. Rb7 Rab8
21. Rc7 Rbc8 22. Rxc8 Rxc8 23. Qe3 Qb3 24. Rc1 Qxe3 25. Bxe3 Rxc1+ 26. Bxc1 Be5
27. Kf1 Bd6 28. Ke2 e6 29. Kd3 exd5 30. exd5 a3 31. Kc2 Kf8 32. Kb3 Ke7 33.
Bxa3 Bxa3 34. Kxa3 Kd6 35. Kb3 Kxd5 36. Kc3 Ke4 37. Kd2 f5 1/2-1/2

[Event "MCRE_O16"]
[Site "?"]
[Date "2004.??.??"]
[Round "?"]
[White "Spicka, Zdenek"]
[Black "Listopad, Martin"]
[Result "1/2-1/2"]
[WhiteElo "1800"]
[BlackElo "1800"]
[PlyCount "82"]
[EventDate "2004.??.??"]
[EventType "corr"]
[EventRounds "2"]
[SourceDate "2005.03.12"]

1. d4 Nf6 2. c4 g6 3. Nc3 Bg7 4. e4 d6 5. Be2 O-O 6. Nf3 e5 7. dxe5 dxe5 8.
Qxd8 Rxd8 9. Bg5 Nbd7 10. Rd1 Rf8 11. Nb5 c6 12. Nd6 Nc5 13. Bxf6 Bxf6 14. b4
Ne6 15. c5 b6 16. Bc4 b5 17. Bb3 a5 18. Nxc8 Rfxc8 19. Bxe6 fxe6 20. a3 axb4
21. axb4 Ra4 22. Rb1 Rd8 23. O-O g5 24. h3 h5 25. Rb2 Kg7 26. Rfb1 g4 27. hxg4
hxg4 28. Nh2 Rd4 29. Nxg4 Rxe4 30. Nxf6 Kxf6 31. Rb3 Re2 32. R1b2 Rxb2 33. Rxb2
e4 34. Kf1 Ke5 35. Ke2 Kd4 36. Rd2+ Kc3 37. Rd6 Rxb4 38. g4 Ra4 39. Rxc6 b4 40.
Rxe6 b3 41. Rb6 b2 1/2-1/2

[Event "MCRE_O16"]
[Site "?"]
[Date "2004.??.??"]
[Round "?"]
[White "Spicka, Zdenek"]
[Black "Valinova, Jana"]
[Result "0-1"]
[WhiteElo "1800"]
[BlackElo "1800"]
[PlyCount "80"]
[EventDate "2004.??.??"]
[EventType "corr"]
[EventRounds "2"]
[SourceDate "2005.03.12"]

1. d4 c6 2. c4 d5 3. e3 Nf6 4. Nc3 g6 5. Nf3 Bg7 6. Bd3 O-O 7. O-O Bg4 8. h3
Bxf3 9. Qxf3 e6 10. Rd1 Nbd7 11. cxd5 exd5 12. b4 a6 13. a4 Re8 14. Ba3 b5 15.
a5 Qe7 16. Bc2 Rac8 17. Rac1 Ne4 18. Nxe4 dxe4 19. Qe2 Qe6 20. Bb1 Nf6 21. Ba2
Nd5 22. Rd2 Qd7 23. Rdc2 Bf8 24. Qd2 Bd6 25. Bb3 Kh8 26. Kf1 f5 27. Kg1 Kg7 28.
Ba2 f4 29. Bxd5 fxe3 30. fxe3 cxd5 31. Rxc8 Rxc8 32. Rxc8 Qxc8 33. Bb2 Qc4 34.
Bc3 Bg3 35. Ba1 Qd3 36. Qxd3 exd3 37. Bc3 Kf6 38. Kf1 Kf5 39. Bd2 Ke4 40. Bc1
d2 0-1

[Event "MCRE_O16"]
[Site "?"]
[Date "2004.??.??"]
[Round "?"]
[White "Valinova, Jana"]
[Black "Dojcinovic, Miroslav"]
[Result "1-0"]
[WhiteElo "1800"]
[BlackElo "1800"]
[PlyCount "69"]
[EventDate "2004.??.??"]
[EventType "corr"]
[EventRounds "2"]
[SourceDate "2005.03.12"]

1. e4 e5 2. Nf3 Nc6 3. Bb5 a6 4. Ba4 Nf6 5. O-O Nxe4 6. d4 b5 7. Bb3 d5 8. dxe5
Be6 9. Nbd2 Nc5 10. c3 Nxb3 11. Nxb3 Bg4 12. h3 Bxf3 13. Qxf3 Qd7 14. Re1 O-O-O
15. a4 bxa4 16. Qd3 Nb8 17. Nd4 Re8 18. Qc2 Bc5 19. Rxa4 Bxd4 20. cxd4 Re6 21.
Ra3 g6 22. Bg5 Rhe8 23. Rea1 Rb6 24. Qd2 Qb5 25. Ra5 Qd7 26. R1a3 Qe6 27. b4 c6
28. R5a4 Qf5 29. Qc1 Qe6 30. f3 Nd7 31. Qf4 f5 32. exf6 Qe1+ 33. Kh2 Re4 34.
Qg3 Qd1 35. f7 1-0

[Event "MCRE_O16"]
[Site "?"]
[Date "2004.??.??"]
[Round "?"]
[White "Valinova, Jana"]
[Black "Fabrik, Miroslav"]
[Result "1-0"]
[WhiteElo "1800"]
[BlackElo "1800"]
[PlyCount "35"]
[EventDate "2004.??.??"]
[EventType "corr"]
[EventRounds "2"]
[SourceDate "2005.03.12"]

1. e4 g6 2. d4 Bg7 3. c3 d6 4. Bc4 Nf6 5. Qe2 O-O 6. Nf3 Bg4 7. h3 Bxf3 8. Qxf3
Nbd7 9. O-O c6 10. Bb3 Qc7 11. Be3 b5 12. Nd2 a5 13. a4 Nb6 14. axb5 cxb5 15.
e5 Ne8 16. c4 a4 17. c5 axb3 18. cxb6 1-0

[Event "MCRE_O16"]
[Site "?"]
[Date "2004.??.??"]
[Round "?"]
[White "Valinova, Jana"]
[Black "Jezek, Otakar"]
[Result "1/2-1/2"]
[WhiteElo "1800"]
[BlackElo "1800"]
[PlyCount "73"]
[EventDate "2004.??.??"]
[EventType "corr"]
[EventRounds "2"]
[SourceDate "2005.03.12"]

1. e4 e5 2. Nf3 Nc6 3. Bb5 Bc5 4. O-O Nf6 5. c3 Nxe4 6. Qe2 Bxf2+ 7. Kh1 d5 8.
d3 Ng3+ 9. hxg3 Bxg3 10. Bg5 Qd6 11. c4 a6 12. cxd5 axb5 13. dxc6 f6 14. Bh4
Bf4 15. Nc3 bxc6 16. d4 O-O 17. g3 Bh6 18. dxe5 fxe5 19. Nxe5 Bh3 20. Rxf8+
Rxf8 21. Rd1 Qe6 22. Kh2 Bf5 23. Rf1 Re8 24. g4 Bxg4 25. Qxg4 Qxe5+ 26. Bg3 Qe6
27. Qxe6+ Rxe6 28. Bxc7 Bd2 29. Rf2 Be3 30. Rc2 g5 31. a4 bxa4 32. Nxa4 h5 33.
b4 Re4 34. Rxc6 Rxb4 35. Nc3 Bf4+ 36. Bxf4 gxf4 37. Kg2 1/2-1/2

[Event "MCRE_O16"]
[Site "?"]
[Date "2004.??.??"]
[Round "?"]
[White "Valinova, Jana"]
[Black "Kelbl, Jiri"]
[Result "1-0"]
[WhiteElo "1800"]
[BlackElo "1800"]
[PlyCount "89"]
[EventDate "2004.??.??"]
[EventType "corr"]
[EventRounds "2"]
[SourceDate "2005.03.12"]

1. e4 e5 2. Nf3 Nc6 3. Bb5 a6 4. Ba4 Nf6 5. O-O Be7 6. Re1 b5 7. Bb3 d6 8. c3
O-O 9. h3 Nb8 10. d4 Nbd7 11. Nbd2 Bb7 12. Bc2 Re8 13. Nf1 Bf8 14. Ng3 g6 15.
a4 c5 16. d5 c4 17. Bg5 h6 18. Be3 Nc5 19. Qd2 h5 20. Bg5 Be7 21. Bh6 Nh7 22.
Ra3 Rb8 23. Rea1 Bc8 24. axb5 axb5 25. Be3 Qc7 26. Ra5 Bd7 27. Ra7 Rb7 28. Bxc5
dxc5 29. R7a6 Rb6 30. Rxb6 Qxb6 31. Nxe5 Qd6 32. Nf3 Bf6 33. Re1 Nf8 34. Kf1
Bc8 35. e5 Bxe5 36. Ne4 Qb6 37. d6 Nd7 38. Nxe5 Rxe5 39. Nf6+ Nxf6 40. Rxe5 Bd7
41. Re7 Kg7 42. Qg5 Ne4 43. Rxf7+ Kxf7 44. Qe7+ Kg8 45. Bxe4 1-0

[Event "MCRE_O16"]
[Site "?"]
[Date "2004.??.??"]
[Round "?"]
[White "Valinova, Jana"]
[Black "Listopad, Martin"]
[Result "1/2-1/2"]
[WhiteElo "1800"]
[BlackElo "1800"]
[PlyCount "45"]
[EventDate "2004.??.??"]
[EventType "corr"]
[EventRounds "2"]
[SourceDate "2005.03.12"]

1. e4 c5 2. Nf3 d6 3. d4 cxd4 4. Nxd4 Nf6 5. Nc3 g6 6. Be3 Bg7 7. f3 O-O 8. Qd2
Nc6 9. O-O-O d5 10. exd5 Nxd5 11. Nxc6 bxc6 12. Nxd5 cxd5 13. Qxd5 Qc7 14. Qc5
Qb7 15. Qa3 Bf5 16. c3 Rab8 17. Ba6 Qc7 18. Bd3 Bxd3 19. Rxd3 a5 20. h4 Qc4 21.
Rhd1 a4 22. h5 Rfc8 23. hxg6 1/2-1/2

[Event "MCRE_O16"]
[Site "?"]
[Date "2004.??.??"]
[Round "?"]
[White "Valinova, Jana"]
[Black "Spicka, Zdenek"]
[Result "1-0"]
[WhiteElo "1800"]
[BlackElo "1800"]
[PlyCount "65"]
[EventDate "2004.??.??"]
[EventType "corr"]
[EventRounds "2"]
[SourceDate "2005.03.12"]

1. e4 c5 2. Nf3 Nc6 3. Bb5 Nf6 4. Nc3 e5 5. Bxc6 dxc6 6. Nxe5 Qc7 7. Nf3 Bd6 8.
d4 cxd4 9. Qxd4 O-O 10. e5 Re8 11. Bf4 c5 12. Qd2 Bf8 13. O-O-O Nh5 14. h3 Nxf4
15. Qxf4 b6 16. Nd5 Qb7 17. Ng5 h6 18. h4 a5 19. Qe4 f5 20. Qc4 Re6 21. Nf6+
gxf6 22. Nxe6 Qf7 23. Qd5 Bb7 24. Qb3 fxe5 25. Qg3+ Kh7 26. Qxe5 Re8 27. Ng5+
hxg5 28. hxg5+ Kg6 29. Rd6+ Bxd6 30. Qxd6+ Re6 31. Rh6+ Kxg5 32. Rxe6 f4 33.
Re5+ 1-0